| 000 | 00647nam a2200229 a 4500 | ||
|---|---|---|---|
| 001 | BRCA_2686 | ||
| 005 | 20190320203925.0 | ||
| 008 | 021208s1924----sp-a---###---#000-0#spa-# | ||
| 050 | 4 |
_aNK8862 _b.S72 1924 |
|
| 100 | 1 |
_aStapley, Mildred _97610 |
|
| 245 | 1 | 0 |
_aTejidos y bordados populares españoles _cpor Mildred Stapley. |
| 260 |
_aMadrid _bVoluntad _c1924 |
||
| 300 |
_a56 p. _bil., 121 láminas _c26 cm. |
||
| 500 | _aIncluye índice de láminas | ||
| 500 | _aAA1 | ||
| 650 | 1 | 4 |
_aTejido _97611 |
| 650 | 1 | 4 |
_aBordado _94753 |
| 650 | 1 | 4 |
_aDiseño textil _94717 |
| 650 | 1 | 4 |
_aIndustria textil _zEspaña _97612 |
| 902 | _aGFM | ||
| 942 |
_2lcc _cB |
||
| 999 |
_c2426 _d2426 |
||